Aprenda Microsoft Visual Basic 6.0. ya

Bibliographic Details
Main Author: Halvorson, Michael
Format: Section = Libro
Language:Undetermined
Spanish
Published: España McGraw-Hill 1999
Subjects:
LEADER 00635nam a2200217Ia 4500
008 240829s9999 xx 000 0 und d
020 |a 84-481-2107-4 
040 |a BIBLIOTECA-RUSB/ Ref 005.3 H197 
041 |a spa 
082 |a Ref 005.3 H197 
100 1 |a Halvorson, Michael 
245 1 0 |a Aprenda Microsoft Visual Basic 6.0. ya 
260 |a España  |b McGraw-Hill  |c 1999 
300 |a 619 p. :il. 
650 7 |a PROGRAMAS - VISUAL BASIC 
650 7 |b  FUNDAMENTOS DE PROGRAMACION - INTERNET 
650 7 |c  CONEXION - MICROSOFT OFFICE 
650 7 |d  PROGRAMACION AVANZADA - BASES DE DATOS 
942 |c BK  |2 ddc 
991 |a TEXTO 
999 |c 5627